000 00599nam a2200205Ia 4500
005 20250508154036.0
008 008 250505s9999 xx 000 0 eng d
037 _aTextual
040 _aFEDL
_beng
_cFEDL
041 _aeng
_2eng
084 _a301, YOU
_qFEDL
100 _aYoung Kimball
_986023
245 0 _aPrinciples of sociology : A reader in theory and research
260 _aNew Delhi, India
_bEurasia Publishing House Pvt Ltd.
300 _a344p.
650 _aSociology
700 _a Mack Raymond W.
_9764928
942 _cTEXL
_h301, YOU
999 _c1347230
_d1347230